|
|
|
|
| LEADER |
00000nab a2200000 a 4500 |
| 001 |
vtls000585867 |
| 003 |
SK-MaSNL |
| 005 |
20260319074425.0 |
| 008 |
180331c1996 xo 0 hun |
| 015 |
|
|
|a SNBRB19rr/mm-uuuuu
|
| 035 |
|
|
|a CL0586006
|
| 040 |
|
|
|a SNKBUCL
|b slo
|c SNKBUCL
|e AACR2
|
| 041 |
0 |
|
|a hun
|
| 044 |
|
|
|a xo
|c SK
|
| 080 |
|
|
|a 738.071.1
|2 1981
|
| 080 |
|
|
|a 730.071.1
|2 1981
|
| 100 |
1 |
|
|a Vörös, Péter
|4 aut
|9 617702
|
| 245 |
1 |
0 |
|a Isten kezében vagyok
|b Vanek Imre hatvanöt éves
|c Péter Vörös
|
| 300 |
|
|
|b Obr. 1
|
| 600 |
1 |
7 |
|a Vanek, Imrich,
|d 1931-2015
|2 snkbucl
|9 202949
|
| 651 |
|
7 |
|a 5207
|2 snkbucl
|9 276522
|
| 655 |
|
7 |
|a články z novín a časopisov
|2 snkbucl
|9 267496
|
| 773 |
0 |
|
|t Új szó
|g Roč. 49, č. 100 (30. 4. 1996), s. 7
|
| 850 |
|
|
|a Slovenská národná knižnica v Martine
|a DSG001
|
| 852 |
|
|
|a SNK
|b KIS3GCP
|
| 958 |
|
|
|a BX
|
| 958 |
|
|
|a RK
|
| 958 |
|
|
|a HU
|
| 958 |
|
|
|a SK
|
| 992 |
|
|
|a RBX
|
| 999 |
|
|
|c 1592321
|d 1594251
|